Hypotekárne bankovníctvo

Gespeichert in:
Bibliographische Detailangaben
1. Verfasser: Horvátová, Eva, 1958-
Körperschaft: Ekonomická univerzita v Bratislave. Národohospodárska fakulta
Format: Buch
Sprache:Slowakisch
Veröffentlicht: Bratislava Vydavateľstvo Ekonóm 1999
Schlagworte:
Tags: Tag hinzufügen
Keine Tags, Fügen Sie das erste Tag hinzu!

MARC

LEADER 00000nam a2200000 4500
001 c108892
005 20221123132903.0
020 |a 80-225-1084-X 
041 0 |a slo 
044 |a SK 
245 1 0 |a Hypotekárne bankovníctvo  |c Eva Horvátová 
264 1 |a Bratislava  |b Vydavateľstvo Ekonóm  |c 1999 
300 |a 139 s. 
610 2 0 |a bankovníctvo hypotekárne 
610 2 0 |a prostredie ekonomické 
610 2 0 |a makroekonomika 
610 2 0 |a stabilita hospodárstva 
610 2 0 |a inflácia 
610 2 0 |a politika menová 
610 2 0 |a hypotéky 
610 2 0 |a listy záložné 
610 2 0 |a sadzby úrokové 
610 2 0 |a banky hypotekárne 
100 1 |a Horvátová, Eva, 1958- 
710 2 |a Ekonomická univerzita v Bratislave. Národohospodárska fakulta